000 00434nam a2200205Ia 4500
001 001080
003 YMCAF
005 20230512160047.0
008 100717s1971 ||||||||||||||||| ||und|d
024 _a1080
035 _a1062
040 _aYMCAF
_beng
_cIN-KoLT
041 _aeng
082 _aTWI-I.S1
100 _aI.S.I. 5101-1969
245 0 _aTWIST DRILLS PARALLES SHADRS
260 _c1971
300 _a3
942 _2ddc
_cBK
999 _c867
_d867